| Tag |
First Indicator |
Second Indicator |
Subfields |
| LEADER |
00000cam a2200000 i 4500 |
| 001 |
in00000012501 |
| 005 |
20151007051836.0 |
| 008 |
760723s1976 enka 00110 eng |
| 010 |
|
|
|a 76363447
|
| 015 |
|
|
|a GB***
|
| 020 |
|
|
|a 0852493088
|
| 035 |
|
|
|a (OCoLC)02374246
|
| 035 |
|
|
|9 AAA5070AM
|
| 040 |
|
|
|a DLC
|c DLC
|d m/c
|d TXA
|d UtOrBLW
|
| 041 |
1 |
|
|a eng
|a fre
|
| 049 |
|
|
|a TXAM
|c [1238568]
|
| 050 |
0 |
0 |
|a ML410.M595
|b S33
|
| 082 |
0 |
|
|a 780/.92/2
|
| 100 |
1 |
|
|a Samuel, Claude.
|
| 240 |
1 |
0 |
|a Entretiens avec Olivier Messiaen.
|l English
|
| 245 |
1 |
0 |
|a Conversations with Olivier Messiaen /
|c Claude Samuel ; translated by Felix Aprahamian.
|
| 264 |
|
1 |
|a London :
|b Stainer & Bell,
|c [1976]
|
| 264 |
|
4 |
|c ©1976
|
| 300 |
|
|
|a 140 pages :
|b illustrations ;
|c 23 cm.
|
| 336 |
|
|
|a text
|b txt
|2 rdacontent
|
| 337 |
|
|
|a unmediated
|b n
|2 rdamedia
|
| 338 |
|
|
|a volume
|b nc
|2 rdacarrier
|
| 500 |
|
|
|a Translation of Entretiens avec Olivier Messiaen.
|
| 500 |
|
|
|a Includes index.
|
| 650 |
|
0 |
|a Musicians
|z France
|x Interviews.
|
| 700 |
1 |
|
|a Messiaen, Olivier,
|d 1908-1992.
|
| 999 |
|
|
|a MARS
|
| 999 |
f |
f |
|s f2c1bc41-10fc-3987-8590-3df2e9bc6f93
|i 6cb130e7-c8bd-3420-99f7-d40173b660ff
|t 0
|
| 952 |
f |
f |
|p normal
|a Texas A&M University
|b College Station
|c Sterling C. Evans Library
|d Evans: Library Stacks
|t 0
|e ML410.M595 S33
|h Library of Congress classification
|i unmediated -- volume
|m A14811482694
|
| 998 |
f |
f |
|a ML410.M595 S33
|t 0
|l Evans: Library Stacks
|